<?xml version="1.0" encoding="UTF-8"?>
<collection xmlns="http://www.loc.gov/MARC21/slim">
 <record>
  <leader>05150cam a2200925   4500</leader>
  <controlfield tag="001">1023763060</controlfield>
  <controlfield tag="003">DE-627</controlfield>
  <controlfield tag="005">20241030185524.0</controlfield>
  <controlfield tag="007">tu</controlfield>
  <controlfield tag="008">180605s2018    fr ||||| r    00| ||fre c</controlfield>
  <datafield tag="020" ind1=" " ind2=" ">
   <subfield code="a">9782877726276</subfield>
   <subfield code="c"> : (br.)</subfield>
   <subfield code="9">978-2-87772-627-6</subfield>
  </datafield>
  <datafield tag="035" ind1=" " ind2=" ">
   <subfield code="a">(DE-627)1023763060</subfield>
  </datafield>
  <datafield tag="035" ind1=" " ind2=" ">
   <subfield code="a">(DE-576)513730249</subfield>
  </datafield>
  <datafield tag="035" ind1=" " ind2=" ">
   <subfield code="a">(DE-599)BVBBV044947743</subfield>
  </datafield>
  <datafield tag="035" ind1=" " ind2=" ">
   <subfield code="a">(OCoLC)1054965947</subfield>
  </datafield>
  <datafield tag="035" ind1=" " ind2=" ">
   <subfield code="a">(OCoLC)1036345169</subfield>
  </datafield>
  <datafield tag="035" ind1=" " ind2=" ">
   <subfield code="a">(DE-604)BV044947743</subfield>
  </datafield>
  <datafield tag="035" ind1=" " ind2=" ">
   <subfield code="a">(ZDB-21-EIL)4328113</subfield>
  </datafield>
  <datafield tag="040" ind1=" " ind2=" ">
   <subfield code="a">DE-627</subfield>
   <subfield code="b">ger</subfield>
   <subfield code="c">DE-627</subfield>
   <subfield code="e">rda</subfield>
  </datafield>
  <datafield tag="041" ind1=" " ind2=" ">
   <subfield code="a">fre</subfield>
  </datafield>
  <datafield tag="044" ind1=" " ind2=" ">
   <subfield code="c">XA-FR</subfield>
  </datafield>
  <datafield tag="050" ind1=" " ind2="0">
   <subfield code="a">DC63</subfield>
  </datafield>
  <datafield tag="072" ind1=" " ind2="7">
   <subfield code="a">JKVP</subfield>
   <subfield code="2">bicssc</subfield>
  </datafield>
  <datafield tag="082" ind1="0" ind2=" ">
   <subfield code="a">930</subfield>
   <subfield code="q">BVB</subfield>
  </datafield>
  <datafield tag="082" ind1="0" ind2=" ">
   <subfield code="a">936</subfield>
   <subfield code="2">14</subfield>
  </datafield>
  <datafield tag="084" ind1=" " ind2=" ">
   <subfield code="a">ALT-KA</subfield>
   <subfield code="q">DE-16</subfield>
   <subfield code="2">fid</subfield>
  </datafield>
  <datafield tag="084" ind1=" " ind2=" ">
   <subfield code="a">NF 1545</subfield>
   <subfield code="q">SEPA</subfield>
   <subfield code="2">rvk</subfield>
   <subfield code="0">(DE-625)rvk/125211:1277</subfield>
  </datafield>
  <datafield tag="084" ind1=" " ind2=" ">
   <subfield code="a">15.17</subfield>
   <subfield code="2">bkl</subfield>
  </datafield>
  <datafield tag="100" ind1="1" ind2=" ">
   <subfield code="a">Dedet, Bernard</subfield>
   <subfield code="e">VerfasserIn</subfield>
   <subfield code="0">(DE-588)1130730182</subfield>
   <subfield code="0">(DE-627)885094719</subfield>
   <subfield code="0">(DE-576)486980189</subfield>
   <subfield code="4">aut</subfield>
  </datafield>
  <datafield tag="245" ind1="1" ind2="0">
   <subfield code="a">Grecs en Gaule du Sud</subfield>
   <subfield code="b">tombes de la colonie d'Agathè : (Agde, Hérault, IVe-IIe siècles av. J.-C.)</subfield>
   <subfield code="c">Bernard Dedet et Martine Schwaller</subfield>
  </datafield>
  <datafield tag="264" ind1=" " ind2="1">
   <subfield code="a">Aix-en-Provence</subfield>
   <subfield code="b">Centre Camille Jullian</subfield>
   <subfield code="c">2018</subfield>
  </datafield>
  <datafield tag="300" ind1=" " ind2=" ">
   <subfield code="a">201 Seiten</subfield>
   <subfield code="b">Illustrationen, Karten, Pläne, Diagramme</subfield>
   <subfield code="c">28 cm</subfield>
  </datafield>
  <datafield tag="336" ind1=" " ind2=" ">
   <subfield code="a">Text</subfield>
   <subfield code="b">txt</subfield>
   <subfield code="2">rdacontent</subfield>
  </datafield>
  <datafield tag="337" ind1=" " ind2=" ">
   <subfield code="a">ohne Hilfsmittel zu benutzen</subfield>
   <subfield code="b">n</subfield>
   <subfield code="2">rdamedia</subfield>
  </datafield>
  <datafield tag="338" ind1=" " ind2=" ">
   <subfield code="a">Band</subfield>
   <subfield code="b">nc</subfield>
   <subfield code="2">rdacarrier</subfield>
  </datafield>
  <datafield tag="490" ind1="1" ind2=" ">
   <subfield code="a">Bibliothèque d'archéologie méditerranéenne et africaine</subfield>
   <subfield code="v">24</subfield>
  </datafield>
  <datafield tag="490" ind1="1" ind2=" ">
   <subfield code="a">Études massaliètes</subfield>
   <subfield code="v">15</subfield>
  </datafield>
  <datafield tag="500" ind1=" " ind2=" ">
   <subfield code="a">Includes bibliographical references (pages 191-201)</subfield>
  </datafield>
  <datafield tag="583" ind1="1" ind2=" ">
   <subfield code="a">Archivierung/Langzeitarchivierung gewährleistet</subfield>
   <subfield code="f">FID</subfield>
   <subfield code="x">XA-DE-BW</subfield>
   <subfield code="2">pdager</subfield>
   <subfield code="5">DE-16</subfield>
  </datafield>
  <datafield tag="650" ind1=" " ind2="4">
   <subfield code="a">Excavations (Archaeology)</subfield>
   <subfield code="x">France</subfield>
   <subfield code="x">Agde</subfield>
  </datafield>
  <datafield tag="650" ind1=" " ind2="4">
   <subfield code="a">Greeks</subfield>
   <subfield code="x">Funeral customs and rites</subfield>
   <subfield code="x">France</subfield>
   <subfield code="x">Agde</subfield>
  </datafield>
  <datafield tag="650" ind1=" " ind2="4">
   <subfield code="a">Sepulchral monuments</subfield>
   <subfield code="x">France</subfield>
   <subfield code="x">Agde</subfield>
  </datafield>
  <datafield tag="650" ind1=" " ind2="4">
   <subfield code="a">Tombs</subfield>
   <subfield code="x">France</subfield>
   <subfield code="x">Agde</subfield>
  </datafield>
  <datafield tag="651" ind1=" " ind2="4">
   <subfield code="a">Agde (France)</subfield>
   <subfield code="x">Antiquities</subfield>
  </datafield>
  <datafield tag="655" ind1=" " ind2="7">
   <subfield code="a">Verzeichnis</subfield>
   <subfield code="0">(DE-588)4188171-0</subfield>
   <subfield code="0">(DE-627)105266639</subfield>
   <subfield code="0">(DE-576)210051078</subfield>
   <subfield code="2">gnd-content</subfield>
  </datafield>
  <datafield tag="689" ind1="0" ind2="0">
   <subfield code="d">g</subfield>
   <subfield code="0">(DE-588)4079640-1</subfield>
   <subfield code="0">(DE-627)106073419</subfield>
   <subfield code="0">(DE-576)20921354X</subfield>
   <subfield code="a">Agde</subfield>
   <subfield code="2">gnd</subfield>
  </datafield>
  <datafield tag="689" ind1="0" ind2="1">
   <subfield code="d">s</subfield>
   <subfield code="0">(DE-588)4022046-1</subfield>
   <subfield code="0">(DE-627)10631095X</subfield>
   <subfield code="0">(DE-576)208941398</subfield>
   <subfield code="a">Griechen</subfield>
   <subfield code="2">gnd</subfield>
  </datafield>
  <datafield tag="689" ind1="0" ind2="2">
   <subfield code="d">s</subfield>
   <subfield code="0">(DE-588)4031790-0</subfield>
   <subfield code="0">(DE-627)104589663</subfield>
   <subfield code="0">(DE-576)208994262</subfield>
   <subfield code="a">Kolonie</subfield>
   <subfield code="2">gnd</subfield>
  </datafield>
  <datafield tag="689" ind1="0" ind2="3">
   <subfield code="d">s</subfield>
   <subfield code="0">(DE-588)4071980-7</subfield>
   <subfield code="0">(DE-627)104757221</subfield>
   <subfield code="0">(DE-576)209185503</subfield>
   <subfield code="a">Gräberfeld</subfield>
   <subfield code="2">gnd</subfield>
  </datafield>
  <datafield tag="689" ind1="0" ind2="4">
   <subfield code="a">z</subfield>
   <subfield code="2">gnd</subfield>
   <subfield code="a">Geschichte 400 v. Chr.-100 v. Chr.</subfield>
  </datafield>
  <datafield tag="689" ind1="0" ind2="5">
   <subfield code="d">s</subfield>
   <subfield code="0">(DE-588)4129464-6</subfield>
   <subfield code="0">(DE-627)104660694</subfield>
   <subfield code="0">(DE-576)209610735</subfield>
   <subfield code="a">Ausgrabung</subfield>
   <subfield code="2">gnd</subfield>
  </datafield>
  <datafield tag="689" ind1="0" ind2=" ">
   <subfield code="5">DE-101</subfield>
  </datafield>
  <datafield tag="689" ind1="1" ind2="0">
   <subfield code="d">g</subfield>
   <subfield code="0">(DE-588)4079640-1</subfield>
   <subfield code="0">(DE-627)106073419</subfield>
   <subfield code="0">(DE-576)20921354X</subfield>
   <subfield code="a">Agde</subfield>
   <subfield code="2">gnd</subfield>
  </datafield>
  <datafield tag="689" ind1="1" ind2="1">
   <subfield code="d">s</subfield>
   <subfield code="0">(DE-588)4071980-7</subfield>
   <subfield code="0">(DE-627)104757221</subfield>
   <subfield code="0">(DE-576)209185503</subfield>
   <subfield code="a">Gräberfeld</subfield>
   <subfield code="2">gnd</subfield>
  </datafield>
  <datafield tag="689" ind1="1" ind2="2">
   <subfield code="d">s</subfield>
   <subfield code="0">(DE-588)4022046-1</subfield>
   <subfield code="0">(DE-627)10631095X</subfield>
   <subfield code="0">(DE-576)208941398</subfield>
   <subfield code="a">Griechen</subfield>
   <subfield code="2">gnd</subfield>
  </datafield>
  <datafield tag="689" ind1="1" ind2="3">
   <subfield code="a">z</subfield>
   <subfield code="2">gnd</subfield>
   <subfield code="a">Geschichte 400 v. Chr.-100 v. Chr.</subfield>
  </datafield>
  <datafield tag="689" ind1="1" ind2=" ">
   <subfield code="5">(DE-627)</subfield>
  </datafield>
  <datafield tag="700" ind1="1" ind2=" ">
   <subfield code="a">Schwaller, Martine</subfield>
   <subfield code="e">VerfasserIn</subfield>
   <subfield code="0">(DE-588)1130730905</subfield>
   <subfield code="0">(DE-627)885096002</subfield>
   <subfield code="0">(DE-576)486982025</subfield>
   <subfield code="4">aut</subfield>
  </datafield>
  <datafield tag="776" ind1="0" ind2="8">
   <subfield code="i">Erscheint auch als</subfield>
   <subfield code="n">Online-Ausgabe</subfield>
   <subfield code="a">Dedet, Bernard</subfield>
   <subfield code="t">Grecs en Gaule du Sud</subfield>
   <subfield code="d">Aix-en-Provence : Centre Camille Jullian, 2018</subfield>
   <subfield code="h">1 Online-Ressource (201 Seiten)</subfield>
   <subfield code="w">(DE-627)1832257738</subfield>
   <subfield code="z">9782491788131</subfield>
  </datafield>
  <datafield tag="787" ind1="0" ind2="8">
   <subfield code="i">Rezensiert in</subfield>
   <subfield code="a">Raux, Stéphanie</subfield>
   <subfield code="t">[Rezension von: Bernard Dedet, Martine Schwaller, Grecs en Gaule du Sud. Tombes de la colonie d'Agathé (Agde, Hérault, IVe - IIe siècles av. J.-C.)]</subfield>
   <subfield code="d">2022</subfield>
   <subfield code="w">(DE-627)1813342334</subfield>
  </datafield>
  <datafield tag="830" ind1=" " ind2="0">
   <subfield code="a">Bibliothèque d'archéologie méditerranéenne et africaine</subfield>
   <subfield code="v">24</subfield>
   <subfield code="9">24</subfield>
   <subfield code="w">(DE-627)61764070X</subfield>
   <subfield code="w">(DE-576)30827976X</subfield>
   <subfield code="w">(DE-600)2536825-4</subfield>
   <subfield code="x">2101-2849</subfield>
   <subfield code="7">ns</subfield>
  </datafield>
  <datafield tag="830" ind1=" " ind2="0">
   <subfield code="a">Collection Études massaliètes</subfield>
   <subfield code="v">15</subfield>
   <subfield code="9">15</subfield>
   <subfield code="w">(DE-627)584387261</subfield>
   <subfield code="w">(DE-576)012868981</subfield>
   <subfield code="w">(DE-600)2463252-1</subfield>
   <subfield code="x">0986-3974</subfield>
   <subfield code="7">ns</subfield>
  </datafield>
  <datafield tag="856" ind1="4" ind2="2">
   <subfield code="u">http://bvbr.bib-bvb.de:8991/F?func=service&amp;doc_library=BVB01&amp;local_base=BVB01&amp;doc_number=030340534&amp;sequence=000001&amp;line_number=0001&amp;func_code=DB_RECORDS&amp;service_type=MEDIA</subfield>
   <subfield code="x">Verlag</subfield>
   <subfield code="z">Inhaltsverzeichnis</subfield>
  </datafield>
  <datafield tag="856" ind1="4" ind2="2">
   <subfield code="u">http://bvbr.bib-bvb.de:8991/F?func=service&amp;doc_library=BVB01&amp;local_base=BVB01&amp;doc_number=030340534&amp;sequence=000003&amp;line_number=0002&amp;func_code=DB_RECORDS&amp;service_type=MEDIA</subfield>
   <subfield code="x">Verlag</subfield>
   <subfield code="z">Klappentext</subfield>
  </datafield>
  <datafield tag="856" ind1="4" ind2="2">
   <subfield code="u">http://bvbr.bib-bvb.de:8991/F?func=service&amp;doc_library=BVB01&amp;local_base=BVB01&amp;doc_number=030340534&amp;sequence=000005&amp;line_number=0003&amp;func_code=DB_RECORDS&amp;service_type=MEDIA</subfield>
   <subfield code="x">Verlag</subfield>
   <subfield code="z">Buchcover</subfield>
  </datafield>
  <datafield tag="936" ind1="r" ind2="v">
   <subfield code="a">NF 1545</subfield>
   <subfield code="b">Einzelbeiträge</subfield>
   <subfield code="k">Geschichte</subfield>
   <subfield code="k">Ur- und Frühgeschichte / Prähistorische Archäologie</subfield>
   <subfield code="k">Allgemeine und europäische Ur- und Frühgeschichte nach Epochen</subfield>
   <subfield code="k">Zeitlich übergreifende Darstellungen</subfield>
   <subfield code="k">Europa</subfield>
   <subfield code="k">Westeuropa (Irland, Großbritannien, Frankreich)</subfield>
   <subfield code="k">Frankreich</subfield>
   <subfield code="k">Einzelbeiträge</subfield>
   <subfield code="0">(DE-627)127159109X</subfield>
   <subfield code="0">(DE-625)rvk/125211:1277</subfield>
   <subfield code="0">(DE-576)20159109X</subfield>
  </datafield>
  <datafield tag="936" ind1="b" ind2="k">
   <subfield code="a">15.17</subfield>
   <subfield code="j">Klassische Archäologie</subfield>
   <subfield code="0">(DE-627)106419749</subfield>
  </datafield>
  <datafield tag="951" ind1=" " ind2=" ">
   <subfield code="a">BO</subfield>
  </datafield>
  <datafield tag="990" ind1=" " ind2=" ">
   <subfield code="a">Agde</subfield>
  </datafield>
  <datafield tag="990" ind1=" " ind2=" ">
   <subfield code="a">Griechen</subfield>
  </datafield>
  <datafield tag="990" ind1=" " ind2=" ">
   <subfield code="a">Kolonie</subfield>
  </datafield>
  <datafield tag="990" ind1=" " ind2=" ">
   <subfield code="a">Gräberfeld</subfield>
  </datafield>
  <datafield tag="990" ind1=" " ind2=" ">
   <subfield code="a">Geschichte 400 v. Chr.-100 v. Chr.</subfield>
  </datafield>
  <datafield tag="990" ind1=" " ind2=" ">
   <subfield code="a">Ausgrabung</subfield>
  </datafield>
  <datafield tag="990" ind1=" " ind2=" ">
   <subfield code="a">Agde</subfield>
  </datafield>
  <datafield tag="990" ind1=" " ind2=" ">
   <subfield code="a">Gräberfeld</subfield>
  </datafield>
  <datafield tag="990" ind1=" " ind2=" ">
   <subfield code="a">Griechen</subfield>
  </datafield>
  <datafield tag="990" ind1=" " ind2=" ">
   <subfield code="a">Geschichte 400 v. Chr.-100 v. Chr.</subfield>
  </datafield>
  <datafield tag="991" ind1=" " ind2=" ">
   <subfield code="a">Rezensiertes Werk</subfield>
  </datafield>
  <datafield tag="999" ind1=" " ind2=" ">
   <subfield code="a">KXP-PPN1023763060</subfield>
   <subfield code="e">4179783819</subfield>
  </datafield>
 </record>
</collection>
